000 01613nam0a22003251 4500
001 rc\4482685
005 20260406123422.0
021 _aRU
_b[68-113456]
035 _a(NLR Aleph) 008603351
090 _a8718067
_c8718067
100 _a20130416d1968 |||y0rusy50 ca
101 0 _arus
102 _aRU
105 _ay z |||||
200 1 _aКультурная революция в Якутии. (1917-1937 гг.)
_eСборник документов и материалов
_fЦентр. гос. архив Якут. АССР. Парт. архив Якут. обкома КПСС. Ин-т языка, литературы и истории Якут. филиала СО АН СССР
210 _aЯкутск
_cЯкуткнигоиздат
_d1968
215 _a610 с.
_d22
300 _aНа обороте тит. л. сост.: В.Н. Чемезов, Л.Т. Иванова, П.В. Гоголев и др.
320 _aБиблиогр.: с. 607-609
320 _aУказатели именной и предм.: с. 570-594
606 _aКультурное строительство
_yЯкутская АССР
_xИстория
_z1917-1937 гг.
_jДокументы и материалы
_2psbo
702 1 _aИванова
_bЛ.Т.
_4220
702 1 _aЧемезов
_bВ.Н.
_gВасилий Назарович
_4220
702 1 _aГоголев
_bП.В.
_4220
712 0 2 _aЦентральный архив Якутской АССР
_cЯкутск
_3RU\NLR\AUTH\8816170
_9305475
801 0 _aRU
_bNLR
_gpsbo
801 1 _aRU
_bELAR
_2rusmarc
852 _aNLR
_j69-5/581
942 _cBOOK
980 _aNB